| 000 | 00465nam a2200169Ia 4500 | ||
|---|---|---|---|
| 003 | GCL | ||
| 008 | 140319s9999 xx 000 0 ara d | ||
| 040 |
_aGCL / _cGCL |
||
| 082 | 0 | 4 |
_a252.2 _bح ص |
| 100 | 1 | _aحلمى الخولى | |
| 245 | 1 | 0 |
_aالصلاة وصحة الانسان / _cحلمى الخولى |
| 260 |
_a[S.N] : _bالزهراء للاعلام العربى ، _c1993 |
||
| 300 | _a140 | ||
| 490 | _a | ||
| 650 | 0 | 4 | _aالصوم |
| 942 |
_2ddc _cBK |
||
| 999 |
_c52853 _d52853 |
||